Zpráva o výkonu dohledu nad finančním trhem 2006 Česká Národní Banka

Salvato in:
Dettagli Bibliografici
Natura: Libro
Lingua:ceco
Pubblicazione: Praha Česká národní banka 2007
Soggetti:
Tags: Aggiungi Tag
Nessun Tag, puoi essere il primo ad aggiungerne!!

MARC

LEADER 00000nam$a2200000$$$4500
001 0070571
005 20240315114819.4
041 0 |a cze 
044 |a CZ 
245 1 0 |a Zpráva o výkonu dohledu nad finančním trhem 2006  |b Česká Národní Banka 
264 1 |a Praha  |b Česká národní banka  |c 2007 
300 |a 112 s. 
610 2 0 |a banky 
610 2 0 |a bankovníctvo 
610 2 0 |a trh finančný 
610 2 0 |a dohľad bankový 
610 2 0 |a legislatíva 
610 2 0 |a stabilita finančná 
610 2 0 |a spolupráca medzinárodná 
610 2 0 |a prostredie ekonomické 
610 2 0 |a záložne 
610 2 0 |a družstvá 
610 2 0 |a trh kapitálový 
610 2 0 |a trh poistný 
610 2 0 |a Česko 
610 2 0 |a ČNB 
610 2 0 |a 2006